| 000 | 01047nam a22002175i 4500 | ||
|---|---|---|---|
| 001 | 174980 | ||
| 003 | ES-MaACL | ||
| 005 | 20250719062546.0 | ||
| 008 | 100906s1877 fr |||| | fre d | ||
| 110 | 1 |
_aFrancia. _bMinistère de l'Intérieur. _9134396 |
|
| 245 | 1 | 0 |
_aSociété Générale des prisons : _bstatuts et règlement. |
| 260 |
_a[Paris : _bs.n., _c1877?] ( _fImp. Centrale de Cheins de fer) |
||
| 300 |
_a7 p. ; _c20 cm. |
||
| 610 | 2 | 7 |
_aSociété Générale des Prisons _9167516 |
| 650 | 1 | 4 |
_aEstablecimientos penitenciarios- _zFrancia. _9143319 |
| 852 |
_aES-MaACL _jD-273(3) _cSVI _eEjemplar falto de portada _hDonación: Francisco Lastres y Juiz _xEncuadernado con otras obras formando un volumen facticio _9181715 _bR.FOLL.12/3 _dOlim: 193-C-3 _fSello en tinta en verso de hoja de guarda del volumen: "Donativo del Sr. Lastres al Ateno de Madrid, 1907". |
||
| 903 |
_aLastres y Juiz, Francisco, _d1848-1918 _q1 _ednr _970504 |
||
| 942 |
_2udc _cFOLLETOS |
||
| 999 |
_c174980 _d174980 |
||